000 nam a22 7a 4500
999 _c127960
_d127960
008 180420b xxu||||| |||| 00| 0 eng d
020 _a9789728265519
050 _aBX 1682. M63 M3
100 _aRamos, Maria Carlos
_941584
245 _aMonsenhor Joaquim Mabuiangue /uma vida a varias vozes
_c/by Mria Carlos Ramos
260 _aLisboa:
_bTeologia na Universidale,
_c2014
300 _a208p.;
_c24cm.
600 _aMabuiangue, Joaquim
_941585
650 _aCatholic Church in Mozambique
_941586
942 _2lcc
_cMONOGRAPH